Tribunales tributarios y aduaneros

Tallennettuna:
Bibliografiset tiedot
Päätekijät: Ugalde Prieto, Rodrigo (Tekijä), Ugarte Soto, Alfredo (Tekijä)
Muut tekijät: García Escobar, Jaime (autor)
Aineistotyyppi: Kirja
Kieli:espanja
Julkaistu: Santiago Legal Publishing 2009
Painos:2a. ed
Aiheet:
Tagit: Lisää tagi
Ei tageja, Lisää ensimmäinen tagi!

MARC

LEADER 00000nam a2200000 a 4500
001 UCH5191
003 CL-VaPUC
008 091008e20090000CL |||||||||||||||||spa|d
020 |a 9789562388221 
082 0 4 |a 343.8304  |b UGA  |2 21 
100 0 |a Ugalde Prieto, Rodrigo  |e author  |9 541406 
700 |a García Escobar, Jaime  |e autor  |9 565018 
700 0 |a Ugarte Soto, Alfredo  |e author  |9 541408 
245 1 0 |a Tribunales tributarios y aduaneros 
250 |a 2a. ed 
300 |a 397 p 
942 |c BK 
945 |d 20091008 00:00:00  |a rbrito 
260 |a Santiago  |b Legal Publishing  |c 2009 
650 0 |a Derecho tributario  |9 258895 
650 7 |a TRIBUNALES TRIBUTARIOS  |2 CL-VaPUC  |9 541409 
650 0 |a Tribunales aduaneros   |9 398135 
650 0 |a Código tributario  |9 350428 
650 7 |a AVALUOS DE BIENES RAICES  |2 CL-VaPUC  |9 541410 
583 |a last modification  |c 20091008 00:00:00  |k Rodrigo Vera 
999 |c 336373  |d 336371 
952 |0 0  |1 0  |4 0  |6 343_830400000000000_UGA_2009  |7 0  |8 R  |9 427628  |a BIBGIM  |b BIBGIM  |d 2019-11-22  |i 4605470  |o 343.8304 UGA 2009  |p 4605470  |r 2025-01-15  |w 2019-11-22  |y BK_R  |k COM